Central Library OPAC University of Rajshahi

Close Current labour code of Pakistan (central) / (Record no. 52788)

MARC details
000 -LEADER
fixed length control field 00595nam a2200205 a 4500
001 - CONTROL NUMBER
control field 52788
003 - CONTROL NUMBER IDENTIFIER
rucl marc code BD-RjUL
005 - DATE AND TIME OF LATEST TRANSACTION
control field 20211209075848.0
008 - FIXED-LENGTH DATA ELEMENTS--GENERAL INFORMATION
fixed length control field 160927s1962 pk ||||| |||| 00| 0 eng d
035 ## - SYSTEM CONTROL NUMBER
System control number (BD-RjUL)52908
040 ## - CATALOGING SOURCE
Original cataloging agency BD-RjUL
Language of cataloging eng
Transcribing agency BD-RjUL
041 ## - LANGUAGE CODE
Language code of text/sound track or separate title eng
082 ## - DEWEY DECIMAL CLASSIFICATION NUMBER
Edition number 23
Classification number 344.1095491
Author mark and year CUR 1962
245 oo - TITLE STATEMENT
Title Close Current labour code of Pakistan (central) /
260 ## - PUBLICATION, DISTRIBUTION, ETC. (IMPRINT)
Place of publication, distribution, etc. Lahore :
Name of publisher, distributor, etc. Bureau of labour,
Date of publication, distribution, etc. 1962
300 ## - PHYSICAL DESCRIPTION
Pagination 347 p. ;
Size 23 cm.
650 ## - SUBJECT ADDED ENTRY--TOPICAL TERM
Topical term or geographic name as entry element Labor laws and legislation
Geographic subdivision Pakistan.
9 (RLIN) 157864
700 ## - ADDED ENTRY--PERSONAL NAME
Personal name Shafi, M. edited
942 ## - ADDED ENTRY ELEMENTS (KOHA)
Source of classification or shelving scheme Dewey Decimal Classification
Koha item type Books
Holdings
Lost status Source of classification or shelving scheme Damaged status Not for loan Collection code Permanent Location Current Location Shelving location Date acquired Source of acquisition Cost, normal purchase price Total Checkouts Full call number Date last seen Copy number Koha item type
  Dewey Decimal Classification     Non-fiction Central Library, University of Rajshahi Central Library, University of Rajshahi   23/02/1967 Pakistani law house 15.00   344.1095491 CUR 1962 27/09/2016 C-2 Books